Obras dramaticas de J.Echegaray).

Saved in:
Bibliographic Details
Main Author: Echegaray, Jose -.
Format: Book
Language:Spanish
Published: Madrid : Rodriguez, 1891, 1895.
LEADER 00813nam a22002051 4500
001 c000204202
003 CARM
005 20021125002000.0
008 851113m18911895sp 0 spa d
019 1 |a 4141577  |5 LACONCORD2021 
035 |a (OCoLC)219335836  |5 LACONCORD2021 
100 1 |a Echegaray, Jose -. 
240 1 0 |a Selected Works 
245 1 0 |a Obras dramaticas de J.Echegaray). 
260 |a Madrid :  |b Rodriguez,  |c 1891,  |c 1895. 
505 0 |a Contains: Conflicto entre dos deberes; De mala raza; Mariana; En el seno de la muerte; Vida alegre y muerte triste. 
852 8 |b CARM  |h A2:AK29G0  |i A02992  |p 0283476  |f BK 
082 0 4 |a 862.5 
999 f f |i 96a412ef-41fd-52f5-ba9d-f22fb8d04dbc  |s e55f92e5-a3a3-531a-a5b0-55ceca8f2711 
952 f f |p Can circulate  |a CAVAL  |b CAVAL  |c CAVAL  |d CARM 1 Store  |e A02992  |f A2:AK29G0  |h Other scheme  |i book  |m 0283476